Diaspora politics : at home abroad (Record no. 3335)
[ view plain ]
| 000 -LEADER | |
|---|---|
| fixed length control field | 00505nam a2200169Ia 4500 |
| 020 ## - INTERNATIONAL STANDARD BOOK NUMBER | |
| ISBN | 0-521-81137-6 |
| 082 ## - DEWEY DECIMAL CLASSIFICATION NUMBER | |
| Classification number | 325 SHE-; |
| 100 ## - MAIN ENTRY--AUTHOR NAME | |
| Personal name | Sheffer, Gabriel |
| 245 #0 - TITLE STATEMENT | |
| Title | Diaspora politics : at home abroad |
| 260 ## - PUBLICATION, DISTRIBUTION, ETC. (IMPRINT) | |
| Place of publication | Cambridge |
| Name of publisher | Cambridge University Press |
| Year of publication | 2003 |
| 504 ## - BIBLIOGRAPHY, ETC. NOTE | |
| Bibliography, etc | Includes bibliography and index |
| 650 ## - SUBJECT ADDED ENTRY--TOPICAL TERM | |
| Topical Term | Migration, international |
| 650 ## - SUBJECT ADDED ENTRY--TOPICAL TERM | |
| Topical Term | Deportation |
| 650 ## - SUBJECT ADDED ENTRY--TOPICAL TERM | |
| Topical Term | Emigration and immigration - Political aspects |
| 650 ## - SUBJECT ADDED ENTRY--TOPICAL TERM | |
| Topical Term | Emigration and immigration - History |
| 942 ## - ADDED ENTRY ELEMENTS (KOHA) | |
| Koha item type | Books |
| Withdrawn status | Lost status | Damaged status | Not for loan | Home library | Current library | Date acquired | Bill Date | Full call number | Accession Number | Price effective from | Koha item type | Collection code |
|---|---|---|---|---|---|---|---|---|---|---|---|---|
| NASSDOC Library | NASSDOC Library | 09/09/2004 | 2004-10-05 | 325 SHE-; | 39341 | 18/04/2019 | Books | |||||
| NASSDOC Library | NASSDOC Library | 05/09/2016 | 2005-03-16 | 325 SHE-; | DG002020 | 18/04/2019 | Books | Docas Gratis Books |
